Prakrt patha (Record no. 11306)
[ view plain ]
| 000 -LEADER | |
|---|---|
| fixed length control field | 00478nam a22001817a 4500 |
| 005 - DATE AND TIME OF LATEST TRANSACTION | |
| control field | 20220528112643.0 |
| 008 - FIXED-LENGTH DATA ELEMENTS--GENERAL INFORMATION | |
| fixed length control field | 220528b ||||| |||| 00| 0 eng d |
| 040 ## - CATALOGING SOURCE | |
| Original cataloging agency | IN-DiNC |
| Transcribing agency | IN-DiNC |
| 041 ## - LANGUAGE CODE | |
| Language code of sung or spoken text | Assamese |
| 082 ## - DEWEY DECIMAL CLASSIFICATION NUMBER | |
| Classification number | 491.3 |
| 100 ## - MAIN ENTRY--PERSONAL NAME | |
| Personal name | Dev Goswami Keshbananda |
| Relator term | Author |
| 245 ## - TITLE STATEMENT | |
| Title | Prakrt patha |
| Statement of responsibility, etc. | by Keshbananda Dev Goswami |
| 250 ## - EDITION STATEMENT | |
| Edition statement | 1st ed. |
| 260 ## - PUBLICATION, DISTRIBUTION, ETC. | |
| Place of publication, distribution, etc. | Dibrugarh |
| Name of publisher, distributor, etc. | students amarium |
| Date of publication, distribution, etc. | 1991 |
| 300 ## - PHYSICAL DESCRIPTION | |
| Extent | 159p. |
| 700 ## - ADDED ENTRY--PERSONAL NAME | |
| Personal name | Bhimkanta Baruah |
| Relator term | Author |
| 942 ## - ADDED ENTRY ELEMENTS (KOHA) | |
| Source of classification or shelving scheme | Dewey Decimal Classification |
| Koha item type | Books |
| Withdrawn status | Lost status | Source of classification or shelving scheme | Damaged status | Not for loan | Collection code | Home library | Current library | Shelving location | Date acquired | Cost, normal purchase price | Total Checkouts | Full call number | Barcode | Date last seen | Date last checked out | Copy number | Price effective from | Koha item type |
|---|---|---|---|---|---|---|---|---|---|---|---|---|---|---|---|---|---|---|
| Dewey Decimal Classification | Assamese | Central Library, Naharkatiya College | Central Library, Naharkatiya College | General Stacks | 28/05/2022 | 35.00 | 4 | 491.3 | 8356 | 20/02/2024 | 05/02/2024 | 1 | 28/05/2022 | Books | ||||
| Dewey Decimal Classification | Assamese | Central Library, Naharkatiya College | Central Library, Naharkatiya College | General Stacks | 28/05/2022 | 35.00 | 1 | 491.3 | 8357 | 15/06/2022 | 28/05/2022 | 2 | 28/05/2022 | Books | ||||
| Dewey Decimal Classification | Assamese | Central Library, Naharkatiya College | Central Library, Naharkatiya College | General Stacks | 28/05/2022 | 35.00 | 2 | 491.3 | 8358 | 23/02/2024 | 05/02/2024 | 3 | 28/05/2022 | Books | ||||
| Dewey Decimal Classification | Assamese | Central Library, Naharkatiya College | Central Library, Naharkatiya College | General Stacks | 28/05/2022 | 35.00 | 491.3 | 8355 | 28/05/2022 | 28/05/2022 | Books | |||||||
| Dewey Decimal Classification | Assamese | Central Library, Naharkatiya College | Central Library, Naharkatiya College | General Stacks | 28/05/2022 | 35.00 | 491.3 | 8353 | 28/05/2022 | 4 | 28/05/2022 | Books |
